RDR2 Characters #2 - Statistics

General Stats
  • This quiz has been taken 21 times
  • The average score is 11 of 16
Answer Stats
Picture Answer % Correct
Jack Marston
88%
Leviticus Cornwall
88%
Leopold Strauss
81%
Colm O'Driscoll
75%
Eagle Flies
75%
Kieran Duffy
75%
Molly O'Shea
75%
Catherine Braithwaite
69%
Hamish Sinclair
69%
Josiah Trelawny
69%
Rains Fall
69%
Reverand Swanson
69%
Beau Gray
63%
Pearson
63%
Penelope Braithwaite
56%
Jim Boy Calloway
50%
No matching quizzes found
Score Distribution
Percent of People with Each Score
Percentile by Number Answered
Your Score History
You have not taken this quiz